Normal view
MARC view
- Rashid Nasir
Entry Personal Name
001 - CONTROL NUMBER
- control field: 124600
003 - CONTROL NUMBER IDENTIFIER
- control field: NUST
005 - DATE AND TIME OF LATEST TRANSACTION
- control field: 20240718153850.0
008 - FIXED-LENGTH DATA ELEMENTS
- fixed length control field: 240718|| aca||aabn | a|a d
040 ## - CATALOGING SOURCE
- Original cataloging agency: NUST
- Transcribing agency: NUST
100 ## - HEADING--PERSONAL NAME
- Personal name: Rashid Nasir
670 ## - SOURCE DATA FOUND
- Source citation: Work cat.: (NUST): Rashid Nasir , Artificial Immune System (AIS) – A Soft Computing Based Approach for Electroencephalography (EEG) Signal Classification/
